000 01288cad a22002055a 4500
001 L157494
008 121219s2012 xxk f 000 0 eng d
035 _a(Sirsi) u157494
041 0 _aeng
110 2 _aUnited Kingdom
_bDepartment of Energy and Climate Change
_95850
245 0 0 _aRenewables Obligation Banding Review for the period 1 April 2013 to 31 March 2017
_bGovernment Response to further consultations on solar PV support, biomass affordability and retaining the minimum calorific value requirement in the RSO
_h[electronic resource]
260 _aLondon
_bDECC
_c2012
520 _aGovernment's response to three consultations; solar PV, biomass affordability and on retaining a minimum gross calorific value requirement. In order to incentivise solar projects on buildings, building-mounted solar PV projects will receive higher rates than ground-mounted projects. This will encourage the installation of solar projects at large factory or warehouse buildings.
590 _aKA
651 4 _aENGLAND AND WALES
690 _aEnergy
_96237
690 _aSustainability
_96271
856 4 0 _uhttps://www.decc.gov.uk/assets/decc/11/consultation/ro-banding/7328-renewables-obligation-banding-review-for-the-perio.pdf
_zView the item free of charge at www.decc.gov
942 _n0
999 _c114798
_d114798